000 00835nac a22002531u 4500
008 111031t xxu||||| |||| 00| 0 eng d
010 _a 2006926952
020 _a0495125709
020 _a9780495125709
082 _a543
_bSKO
100 _aSkoog, Douglas A.
_927701
245 1 0 _aPrinciples of Instrumental Analysis /
_cDouglas A. Skoog, F. James Holler, Stanley Crouch.
250 _a6th ed.
260 _aBelmont, CA :
_bThomson Brooks/Cole,2007
_c2007.
300 _a xv,1039 p :.
_bill. ;
_c25 cm.
500 _aIncludes index
650 _aInstrumental analysis
_927702
700 _aHoller, F. James
_927703
700 _aNieman, Timothy A.
_927704
942 _cBB
_k543 SKO
_2ddc
_hRDA-MOD
999 _c2351
_d2351
336 _2rdacontent
_atext
_btxt
337 _aunmediated
_2rdamedia
_bn
338 _avolume
_bnc
_2rdacarrier